Magyar kézikönyvtár Pozsonyban

Bibliographic Details
Main Author: (-bet) (Author)
Format: Article
Language:Hungarian
Subjects:

MARC

LEADER 00000nab a2200000 a 4500
001 vtls000452883
003 SK-MaSNL
005 20260318122203.0
008 160202c1992 xo 0 hun
015 |a SNBRB19rr/mm-uuuuu 
035 |a CL0453014 
040 |a SNKBUCL  |b slo  |c SNKBUCL  |e AACR2 
041 0 |a hun 
044 |a xo  |c SK 
080 |a 008:061.22(437.6-25=945.11)=945.11  |2 1981 
080 |a 061.22(437.6-25=945.11)=945.11  |2 1981 
080 |a 027.4(437.6-25=945.11)=945.11  |2 1981 
100 0 |a (-bet)  |4 aut  |9 991520 
245 1 0 |a Magyar kézikönyvtár Pozsonyban  |c (-bet) 
650 0 7 |a Maďarské kultúrne stredisko (Bratislava, Slovensko)  |2 snkbucl  |9 1267438 
651 7 |a 5201  |2 snkbucl  |9 277970 
655 7 |a články z novín a časopisov  |2 snkbucl  |9 267496 
773 0 |t A Hét  |g Roč. 37, č. 6 (1992), s. 8 
850 |a Slovenská národná knižnica v Martine  |a MTA001 
852 |a SNK  |b KIS3GCP 
958 |a RK 
958 |a HU 
992 |a RBX 
999 |c 3016207  |d 3018137